Sports Pyramids: US Soccer - Statistics

General Stats
  • This quiz has been taken 8 times
  • The average score is 76 of 117
Answer Stats
Debut Season % Correct
Atlanta United 2 2023
100%
Atlanta United FC 2017
100%
FC Cincinnati 2019
100%
FC Cincinnati 2 2022
100%
Houston Dynamo 2 2022
100%
Houston Dynamo FC 2006
100%
Inter Miami CF 2020
100%
Los Angeles FC 2018
100%
Los Angeles FC 2 2023
100%
Miami FC 2020
100%
New York Red Bulls 1996
100%
Toronto FC 2007
100%
Toronto FC II 2022
100%
Austin FC 2021
80%
Austin FC II 2023
80%
Buffalo Pro Soccer 2026 (Planned)
80%
Charlotte FC 2022
80%
Charlotte Independence 2022
80%
Chicago Fire FC 1998
80%
Chicago Fire FC II 2022
80%
Cleveland Pro Soccer 2026 (Planned)
80%
Colorado Rapids 1996
80%
Colorado Rapids 2 2022
80%
Columbus Crew 1996
80%
Columbus Crew 2 2022
80%
D.C. United 1996
80%
Detroit City 2022
80%
El Paso Locomotive FC 2019
80%
FC Dallas 1996
80%
Jacksonville Armada FC 2026 (Returning)
80%
LA Galaxy 1996
80%
Las Vegas Lights FC 2018
80%
Nashville SC 2020
80%
New York City FC 2015
80%
New York City FC II 2022
80%
North Jersey Pro Soccer 2026 (Planned)
80%
OKC Energy FC 2027 (Returning)
80%
Philadelphia Union 2010
80%
Philadelphia Union II 2022
80%
Phoenix Rising FC 2014
80%
Pittsburgh Riverhounds SC 2011
80%
Portland Hearts of Pine 2025
80%
Portland Timbers 2011
80%
Portland Timbers 2 2022
80%
Real Salt Lake 2005
80%
San Antonio FC 2016
80%
San Diego FC 2025
80%
Seattle Sounders 2009
80%
Sporting Club Jacksonville 2026 (Planned)
80%
Sporting Kansas City 1996
80%
Sporting Kansas City II 2022
80%
St. Louis City SC 2023
80%
Tampa Bay Rowdies 2017
80%
Vancouver Whitecaps FC 2011
80%
Whitecaps FC 2 2022
80%
Birmingham Legion FC 2019
60%
Boise Pro Soccer 2026 (Planned)
60%
CF Montreal 2012
60%
Charleston Battery 2011
60%
Chattanooga FC 2024
60%
Chattanooga Red Wolves SC 2019
60%
Colorado Springs Switchbacks FC 2015
60%
FC Tulsa 2015
60%
Forward Madison FC 2019
60%
Hartford Athletic 2019
60%
Huntsville City FC 2023
60%
Inter Miami CF II 2022
60%
Loudoun United 2019
60%
Louisville City FC 2015
60%
Milwaukee Pro Soccer 2026 (Planned)
60%
Minnesota United FC 2017
60%
Minnesota United FC 2 2022
60%
Monterey Bay FC 2022
60%
New England Revolution 1996
60%
New England Revolution II 2022
60%
New Mexico United 2019
60%
New York Red Bulls II 2023
60%
North Carolina FC 2007
60%
One Knoxville SC 2025
60%
Orange County SC 2011
60%
Orlando City B 2022
60%
Orlando City SC 2015
60%
Rhode Island FC 2024
60%
Sacramento Republic FC 2014
60%
San Jose Earthquakes 1996
60%
Spokane Velocity FC 2024
60%
Tacoma Defiance 2022
60%
Union Omaha 2020
60%
Ventura County FC 2023
60%
Westchester SC 2025
60%
AV Alta FC 2025
40%
Brooklyn FC 2026
40%
Connecticut United FC 2026 (Planned)
40%
Fort Lauderdale United FC 2026 (Planned)
40%
Fort Wayne FC 2026 (Expansion)
40%
Greenville Triumph SC 2019
40%
Lexington SC 2025
40%
North Texas SC 2022
40%
Oakland Roots SC 2021
40%
Richmond Kickers 2019
40%
Santa Barbara Sky FC 2026 (Planned)
40%
Sarasota Paradise 2026 (Expansion)
40%
South Georgia Tormenta FC 2019
40%
The Town FC 2022
40%
Atletico Dallas 2027 (Planned)
20%
Carolina Core FC 2024
20%
Corpus Christi Professional Soccer 2026 (Planned)
20%
Crown Legacy FC 2023
20%
FC Naples 2025
20%
Golden City FC 2027 (Planned)
20%
Indy Eleven 2018
20%
Ozark United FC 2027 (Planned)
20%
Real Monarchs 2022
20%
St. Louis City 2 2022
20%
Texoma FC 2025
20%
USL Eugene 2026 (Planned)
20%
West Michigan Soccer 2027 (Planned)
20%
No matching quizzes found
Score Distribution
Percent of People with Each Score
Percentile by Number Answered
Your Score History
You have not taken this quiz